[Event "Yanofsky Memorial op U1800"]
[Site "Winnipeg"]
[Date "2008.08.29"]
[Round "1"]
[White "Green, Leah"]
[Black "Barkman, Daniel"]
[Result "0-1"]
[WhiteElo "1183"]
[BlackElo "1576"]
[PlyCount "66"]
[EventDate "2008.08.29"]
[EventType "swiss"]
[EventRounds "5"]
[EventCountry "CAN"]
[SourceTitle "EXT 2019"]
[Source "ChessBase"]
[SourceDate "2018.10.10"]
[SourceVersion "1"]
[SourceVersionDate "2018.10.10"]
[SourceQuality "1"]

1. e4 e6 2. d4 d5 3. e5 c5 4. Nf3 Nc6 5. dxc5 Bxc5 6. Nc3 Qb6 7. Qd2 Nge7 8. Bb5 Bd7 9. 0-0 Nxe5 10. Bxd7+ Nxd7 11. Na4 Qb5 12. Nxc5 Nxc5 13. Qg5 Ng6 14. Qe3 Ne4 15. Qd3 Rc8 16. Nd4 Qb6 17. c3 0-0 18. Rb1 Nxc3 19. bxc3 Qxb1 20. Ba3 Qxa2 21. Bxf8 Kxf8 22. Qh3 Rxc3 23. Qh5 Qc4 24. Nf3 Rc1 25. Ne1 Qc3 26. g3 Rxe1 27. Rxe1 Qxe1+ 28. Kg2 b5 29. Qg4 b4 30. Qd4 Qe4+ 31. Qxe4 dxe4 32. Kf1 b3 33. Ke1 b2 0-1

[Event "Albert Boxer Classic op"]
[Site "Winnipeg"]
[Date "2007.05.12"]
[Round "2"]
[White "Barkman, Daniel"]
[Black "Curtis, Rory"]
[Result "1-0"]
[WhiteElo "1559"]
[BlackElo "1665"]
[PlyCount "51"]
[EventDate "2007.05.11"]
[EventType "swiss"]
[EventRounds "5"]
[EventCountry "CAN"]
[SourceTitle "EXT 2019"]
[Source "ChessBase"]
[SourceDate "2018.10.10"]
[SourceVersion "1"]
[SourceVersionDate "2018.10.10"]
[SourceQuality "1"]

1. e4 e5 2. Bc4 Nc6 3. Nf3 Bc5 4. 0-0 Nf6 5. c3 a6 6. d4 exd4 7. cxd4 Ba7 8. Nc3 0-0 9. Bg5 h6 10. Bh4 g5 11. Bg3 Nh5 12. Kh1 Nxg3+ 13. fxg3 d6 14. Nd5 b5 15. Bb3 Bg4 16. h3 Bxf3 17. Qxf3 Bxd4 18. Rac1 Qd7 19. Rxc6 Rac8 20. Nf6+ Bxf6 21. Qxf6 Qxc6 22. Bxf7+ Rxf7 23. Qxf7+ Kh8 24. Rf6 Qc1+ 25. Kh2 g4 26. Rg6 1-0

[Event "Winnipeg Thanksgiving op"]
[Site "Winnipeg"]
[Date "2002.10.11"]
[Round "1.6"]
[White "Barkman, Daniel"]
[Black "Rutter, Alexander"]
[Result "1-0"]
[WhiteElo "1654"]
[BlackElo "1438"]
[PlyCount "25"]
[EventDate "2002.10.11"]
[EventType "swiss"]
[EventRounds "5"]
[EventCountry "CAN"]
[SourceTitle "EXT 2022"]
[Source "ChessBase"]
[SourceDate "2021.10.06"]
[SourceVersion "1"]
[SourceVersionDate "2021.10.06"]
[SourceQuality "1"]

1. e4 c5 2. Nf3 d6 3. d4 cxd4 4. Nxd4 Nc6 5. c4 Nf6 6. Nc3 g6 7. Be2 Bg7 8. Nxc6 bxc6 9. c5 d5 10. exd5 Nxd5 11. Nxd5 cxd5 12. Qa4+ Qd7 13. Bb5 1-0

[Event "Winnipeg Oliver Memorial"]
[Site "Winnipeg"]
[Date "2002.01.13"]
[Round "4.4"]
[White "Barkman, Daniel"]
[Black "Khedkar, Jay S"]
[Result "0-1"]
[WhiteElo "1632"]
[BlackElo "2064"]
[PlyCount "50"]
[EventDate "2002.01.11"]
[EventType "swiss"]
[EventRounds "5"]
[EventCountry "CAN"]
[SourceTitle "EXT 2022"]
[Source "ChessBase"]
[SourceDate "2021.10.06"]
[SourceVersion "1"]
[SourceVersionDate "2021.10.06"]
[SourceQuality "1"]

1. e4 c5 2. Nf3 d6 3. d4 cxd4 4. Nxd4 Nf6 5. Nc3 a6 6. Be2 e6 7. Be3 Nbd7 8. Qd2 Qc7 9. 0-0 b5 10. Bf3 Ne5 11. Rfe1 Bb7 12. Bg5 Be7 13. a3 Rc8 14. Be2 0-0 15. f3 Rfd8 16. Kh1 d5 17. exd5 Nxd5 18. Bxe7 Nxe7 19. Qe3 Nc4 20. Bxc4 Qxc4 21. Rad1 Nd5 22. Nxd5 Rxd5 23. Rd3 Rcd8 24. Red1 g6 25. Rc3 Rxd4 0-1

[Event "Winnipeg Oliver Memorial"]
[Site "Winnipeg"]
[Date "2002.01.13"]
[Round "5.7"]
[White "Charter, Bennet"]
[Black "Barkman, Daniel"]
[Result "0-1"]
[WhiteElo "1827"]
[BlackElo "1632"]
[PlyCount "34"]
[EventDate "2002.01.11"]
[EventType "swiss"]
[EventRounds "5"]
[EventCountry "CAN"]
[SourceTitle "EXT 2022"]
[Source "ChessBase"]
[SourceDate "2021.10.06"]
[SourceVersion "1"]
[SourceVersionDate "2021.10.06"]
[SourceQuality "1"]

1. e4 e6 2. d4 d5 3. e5 c5 4. c3 Nc6 5. Nf3 Qb6 6. a3 cxd4 7. cxd4 Bd7 8. Be2 Nge7 9. b4 Nf5 10. Be3 a6 11. 0-0 Be7 12. Nc3 f6 13. Rc1 fxe5 14. dxe5 Nxe3 15. fxe3 Qxe3+ 16. Kh1 Nxe5 17. Re1 Ng4 0-1

[Event "Winnipeg Easter op"]
[Site "Winnipeg"]
[Date "2001.04.21"]
[Round "2"]
[White "Moffat, Ron"]
[Black "Barkman, Daniel"]
[Result "1-0"]
[WhiteElo "1694"]
[BlackElo "1595"]
[PlyCount "52"]
[EventDate "2001.04.??"]
[EventType "swiss"]
[EventRounds "5"]
[EventCountry "CAN"]
[SourceTitle "EXT 2005"]
[Source "ChessBase"]
[SourceDate "2004.11.15"]
[SourceVersion "1"]
[SourceVersionDate "2004.11.15"]
[SourceQuality "1"]

1. d4 Nf6 2. c4 g6 3. Nc3 d5 4. cxd5 Nxd5 5. e4 Nxc3 6. bxc3 Bg7 7. Bc4 c5 8. Ne2 Nc6 9. Be3 0-0 10. 0-0 Qc7 11. Rc1 Rd8 12. Qe1 Na5 13. Bd3 b6 14. f3 Bb7 15. Qh4 e6 16. Bg5 Rf8 17. Bf6 Qd7 18. f4 Nc6 19. f5 Rae8 20. Bxg7 Kxg7 21. f6+ Kh8 22. Qh6 Rg8 23. Rf4 g5 24. e5 Rg6 25. Bxg6 fxg6 26. f7 gxf4 1-0

[Event "Winnipeg TNT April op"]
[Site "Winnipeg"]
[Date "2001.04.10"]
[Round "2"]
[White "Barkman, Daniel"]
[Black "Moffat, Ron"]
[Result "0-1"]
[WhiteElo "1589"]
[BlackElo "1702"]
[PlyCount "98"]
[EventDate "2001.04.??"]
[EventType "swiss"]
[EventRounds "4"]
[EventCountry "CAN"]
[SourceTitle "EXT 2005"]
[Source "ChessBase"]
[SourceDate "2004.11.15"]
[SourceVersion "1"]
[SourceVersionDate "2004.11.15"]
[SourceQuality "1"]

1. e4 c5 2. Nf3 e6 3. d4 cxd4 4. Nxd4 a6 5. Bd3 Nc6 6. Be3 Qc7 7. 0-0 Nf6 8. Nc3 Bd6 9. Nf3 Ne5 10. h3 0-0 11. Nxe5 Bxe5 12. Qd2 b5 13. f4 Bxc3 14. bxc3 Bb7 15. Rf3 Bxe4 16. Bxe4 Nxe4 17. Qd3 d5 18. Bd4 Rac8 19. Re1 Qc4 20. Rg3 Nxg3 21. Qxg3 g6 22. Bf6 h5 23. Qg5 Kh7 24. g4 Rg8 25. Kh1 d4 26. gxh5 Qc6+ 27. Kh2 Qf3 28. Rg1 Qxh5 29. Qg2 Qf5 30. Bxd4 Qxf4+ 31. Kh1 Qf5 32. Rf1 Qd5 33. Rxf7+ Kh6 34. Qxd5 exd5 35. Rd7 Rgd8 36. Rf7 Rd6 37. Be3+ g5 38. Bd2 Kg6 39. Rf2 d4 40. Rf3 dxc3 41. Bxc3 Rdc6 42. Bb4 Rxc2 43. a3 Rc1+ 44. Kg2 R8c2+ 45. Rf2 Rxf2+ 46. Kxf2 Kf5 47. Kf3 Rc4 48. Kg3 Kg6 49. Be7 Kh5 0-1

[Event "Winnipeg Mike Shpan Memorial"]
[Site "Winnipeg"]
[Date "2000.11.28"]
[Round "4"]
[White "Barkman, Daniel"]
[Black "Hanrahan, Nigel"]
[Result "1-0"]
[WhiteElo "1576"]
[BlackElo "1731"]
[PlyCount "55"]
[EventDate "2000.11.07"]
[EventType "swiss"]
[EventRounds "6"]
[EventCountry "CAN"]
[SourceTitle "EXT 2003"]
[Source "ChessBase"]
[SourceDate "2002.11.25"]
[SourceVersion "1"]
[SourceVersionDate "2002.11.25"]
[SourceQuality "1"]

1. e4 c6 2. d4 d5 3. Nc3 dxe4 4. Nxe4 Nf6 5. Nxf6+ gxf6 6. Nf3 Bf5 7. Bc4 e6 8. 0-0 Qc7 9. Nh4 Bg6 10. Re1 Nd7 11. c3 0-0-0 12. Qf3 Bd6 13. h3 Nb6 14. Nxg6 hxg6 15. Bd3 f5 16. Bg5 Be7 17. Bf4 Bd6 18. Bg5 Rdg8 19. c4 Nd7 20. c5 Bf8 21. b4 f6 22. Bd2 e5 23. Bc4 Rh4 24. Bxg8 Rxd4 25. Rad1 e4 26. Qb3 Rd3 27. Bc3 Rxd1 28. Rxd1 1-0

[Event "Winnipeg Tuesday Night op 8th"]
[Site "Winnipeg"]
[Date "2000.08.08"]
[Round "2"]
[White "Klokow, John"]
[Black "Barkman, Daniel"]
[Result "1-0"]
[WhiteElo "1766"]
[BlackElo "1581"]
[PlyCount "81"]
[EventDate "2000.08.??"]
[EventType "swiss"]
[EventRounds "4"]
[EventCountry "CAN"]
[SourceTitle "EXT 2005"]
[Source "ChessBase"]
[SourceDate "2004.11.15"]
[SourceVersion "1"]
[SourceVersionDate "2004.11.15"]
[SourceQuality "1"]

1. e4 e6 2. Qe2 Nf6 3. g3 d5 4. exd5 Nxd5 5. Bg2 Bc5 6. c3 0-0 7. Nf3 Nd7 8. 0-0 N7f6 9. d4 Bd6 10. Nbd2 Bd7 11. Ne5 c5 12. dxc5 Bxc5 13. c4 Ne7 14. Bxb7 Rb8 15. Nxd7 Qxd7 16. Bg2 Nf5 17. Nf3 Rb6 18. Bf4 Ng4 19. Ne5 Nxe5 20. Bxe5 f6 21. Bc3 Nd4 22. Qd2 Rd6 23. Bxd4 Bxd4 24. Rab1 Rd8 25. b4 Qc7 26. Qc2 Rc8 27. c5 a5 28. Qe4 Rd7 29. Qxe6+ Kh8 30. a3 axb4 31. axb4 Rb8 32. c6 Re7 33. Qc4 Qb6 34. Bh3 Ra7 35. b5 Be5 36. Rfd1 Ra3 37. Rd7 Bxg3 38. hxg3 Rxg3+ 39. Bg2 Rg5 40. c7 Rc8 41. Rbd1 1-0

[Event "Winnipeg Tuesday Night op 7th"]
[Site "Winnipeg"]
[Date "2000.07.04"]
[Round "1"]
[White "Czypinski, Jaroslaw"]
[Black "Barkman, Daniel"]
[Result "1-0"]
[WhiteElo "1972"]
[BlackElo "1632"]
[PlyCount "35"]
[EventDate "2000.07.??"]
[EventType "swiss (rapid)"]
[EventRounds "4"]
[EventCountry "CAN"]
[SourceTitle "EXT 2005"]
[Source "ChessBase"]
[SourceDate "2004.11.15"]
[SourceVersion "1"]
[SourceVersionDate "2004.11.15"]
[SourceQuality "1"]

1. e4 e6 2. d4 d5 3. exd5 exd5 4. Bd3 Nf6 5. Bg5 Be7 6. Nf3 Bg4 7. Nbd2 Nbd7 8. c3 c6 9. Qc2 b6 10. 0-0 h6 11. Bxf6 Bxf6 12. Rae1+ Be7 13. h3 Bh5 14. Ne5 Qc7 15. Nxd7 Qxd7 16. Re5 g5 17. Rfe1 Kd8 18. Bf5 1-0

[Event "Winnipeg op"]
[Site "Winnipeg"]
[Date "2000.06.16"]
[Round "1"]
[White "Barkman, Daniel"]
[Black "Gibson, Kris"]
[Result "0-1"]
[WhiteElo "1578"]
[BlackElo "1860"]
[PlyCount "64"]
[EventDate "2000.06.??"]
[EventType "swiss"]
[EventRounds "5"]
[EventCountry "CAN"]
[SourceTitle "EXT 2005"]
[Source "ChessBase"]
[SourceDate "2004.11.15"]
[SourceVersion "1"]
[SourceVersionDate "2004.11.15"]
[SourceQuality "1"]

1. d4 d5 2. c4 e6 3. Nc3 c6 4. Nf3 dxc4 5. e4 b5 6. Be2 Bb7 7. a3 a5 8. 0-0 Be7 9. Be3 Nf6 10. Nd2 a4 11. f4 Nbd7 12. Rf3 Ng4 13. Nf1 Ndf6 14. Rg3 h5 15. h3 Nxe3 16. Nxe3 Qc7 17. e5 Nd5 18. Nexd5 exd5 19. Rxg7 c5 20. Bxh5 Rf8 21. Qg4 Qb6 22. dxc5 Qxc5+ 23. Kh2 d4 24. Rd1 d3 25. e6 0-0-0 26. Rxf7 Bc6 27. f5 Bd6+ 28. Kh1 Qe5 29. Kg1 Qh2+ 30. Kf1 Bg3 31. Qxg3 Qxg3 32. e7 Bxg2+ 0-1

[Event "Winnipeg Tuesday Night op 6th"]
[Site "Winnipeg"]
[Date "2000.06.13"]
[Round "2"]
[White "Milord, Frank"]
[Black "Barkman, Daniel"]
[Result "1-0"]
[WhiteElo "1788"]
[BlackElo "1578"]
[PlyCount "47"]
[EventDate "2000.06.??"]
[EventType "swiss (rapid)"]
[EventRounds "4"]
[EventCountry "CAN"]
[SourceTitle "EXT 2005"]
[Source "ChessBase"]
[SourceDate "2004.11.15"]
[SourceVersion "1"]
[SourceVersionDate "2004.11.15"]
[SourceQuality "1"]

1. e4 e6 2. d4 d5 3. e5 c5 4. c3 Nc6 5. Nf3 Qb6 6. Be2 Nge7 7. Na3 Nf5 8. g4 Nfe7 9. dxc5 Qxc5 10. Nb5 Qb6 11. Nd6+ Kd7 12. Nxf7 Rg8 13. Bd3 g6 14. Nd6 Nxe5 15. Nxe5+ Kxd6 16. Bf4 Qc5 17. Nxg6+ Kd7 18. Ne5+ Ke8 19. Qa4+ Nc6 20. Bxh7 b5 21. Qd1 Rh8 22. Bg6+ Ke7 23. Bg5+ Kd6 24. Nf7+ 1-0